书目信息 |
| 题名: |
1957:大转弯之谜整风反右实录
|
|
| 作者: | 朱地 著 | |
| 分册: | ||
| 出版信息: | 太原 山西人民出版社 1995.04 |
|
| 页数: | 306页 | |
| 开本: | 32开 | |
| 丛书名: | ||
| 单 册: | ||
| 中图分类: | D651.6 | |
| 科图分类: | ||
| 主题词: | 政治--中国 | |
| 电子资源: | ||
| ISBN: | 7-203-03331-7 | |
| 000 | 00569nam0 2200193 45 | |
| 001 | 0012051091 | |
| 005 | 20001205102837.9 | |
| 010 | @a7-203-03331-7@d11.00元 | |
| 100 | @a20001205d1995 km y0chiy0120 ea | |
| 101 | 0 | @achi |
| 105 | @a z 000yy | |
| 200 | 1 | @a1957:大转弯之谜整风反右实录@A1957:Da Zhuan Wan Zhi Mi Zheng Feng Fan You Shi Lu@f朱地著@FZhu Di Zhu |
| 210 | @a太原@c山西人民出版社@d1995.04 | |
| 215 | @a306页@d32开 | |
| 606 | 0 | @a政治@x中国 |
| 690 | @aD651.6@v3 | |
| 701 | 0 | @a朱地@4著 |
| 801 | @aCN@bPftUser@c20001205 | |
| 905 | @b513650@dD651.6@eZH316@f1 | |
| 1957:大转弯之谜整风反右实录/朱地著.-太原:山西人民出版社,1995.04 |
| 306页;32开 |
| ISBN 7-203-03331-7:11.00元 |
| ● |
| 相关链接 |
|
|
|
正题名:1957:大转弯之谜整风反右实录
索取号:D651.6/ZH316
 
预约/预借
| 序号 | 登录号 | 条形码 | 馆藏地/架位号 | 状态 | 备注 |
| 1 | 513650 | 205136501 | 社科库509/509社科库 75排5列3层/ [索取号:D651.6/ZH316] | 在馆 |